Panorama de las Américas (Registro nro. 17354)
[ vista simple ]
| 000 -CABECERA | |
|---|---|
| Campo de control | 00250as aa2200109a 44500 |
| 090 ## - CLASIFICACIÓN LOCAL | |
| Colección | SERIADAS |
| Consecutivo | 01593 |
| 041 0# - IDIOMA | |
| Código de idioma para texto/pista de sonido o título separado | |
| 245 10 - MENCION DE TITULO | |
| Título | Panorama de las Américas |
| 260 ## - PUBLICACION, DISTRIBUCION, ETC. (PIE DE IMPRENTA) | |
| Nombre del editor, distribuidor, etc. | Copa Airlines |
| Lugar de publicación, distribución, etc. | Estados Unidos |
| 942 ## - ELEMENTOS ADICIONALES (KOHA) | |
| Tipo de ítem | Periodica o revista |
| Withdrawn status | Lost status | Damaged status | No para préstamo | Colección | Fecha publicación (Año) | Número revista | Ubicación Permanente | Ubicación actual | Fecha de adquisición | Fuente de Valor | Total Checkouts | Número topográfico | Inventario / Código de Barras | Date last seen | Ejemplar | Price effective from | Forma de adquisición | Tipo de material |
|---|---|---|---|---|---|---|---|---|---|---|---|---|---|---|---|---|---|---|
| Referencia | 2005 | Julio | Villa de Leyva | Villa de Leyva | 04/11/2005 | Riveros, Raul | SERIADAS 01593 | 022037 | 25/03/2015 | 1 | 25/03/2015 | Institucional | Periodica o revista | |||||
| Hemeroteca | 2005 | Julio | Villa de Leyva | Villa de Leyva | 04/11/2005 | Riveros, Raul | SERIADAS 01593 | 022036 | 25/03/2015 | 1 | 25/03/2015 | Periodica o revista |